<?xml version="1.0" encoding="UTF-8"?>
<record
    xmlns:xsi="http://www.w3.org/2001/XMLSchema-instance"
    xsi:schemaLocation="http://www.loc.gov/MARC21/slim http://www.loc.gov/standards/marcxml/schema/MARC21slim.xsd"
    xmlns="http://www.loc.gov/MARC21/slim">

  <leader>00940nam a22002295i 4500</leader>
  <controlfield tag="001">175984</controlfield>
  <controlfield tag="003">ES-MaACL</controlfield>
  <controlfield tag="005">20231226161528.0</controlfield>
  <controlfield tag="008">101203s2009    sp a         |||| | spa d</controlfield>
  <datafield tag="080" ind1=" " ind2=" ">
    <subfield code="a">929 Martos, Cristino</subfield>
  </datafield>
  <datafield tag="100" ind1="1" ind2=" ">
    <subfield code="a">S&#xE1;nchez-Palencia Mancebo, Isabel.</subfield>
    <subfield code="9">144185</subfield>
  </datafield>
  <datafield tag="245" ind1="1" ind2="0">
    <subfield code="a">Cristino Martos Balb&#xED; </subfield>
    <subfield code="b">: Ministro de Espa&#xF1;a : sus ra&#xED;ces toledanas / </subfield>
    <subfield code="c">[Isabel S&#xE1;nchez-Palencia Mancebo].</subfield>
  </datafield>
  <datafield tag="260" ind1=" " ind2=" ">
    <subfield code="a">Mazarambroz (Toledo) : </subfield>
    <subfield code="b">Ayuntamiento de Mazarambroz, </subfield>
    <subfield code="c">D. L. 2009.</subfield>
  </datafield>
  <datafield tag="300" ind1=" " ind2=" ">
    <subfield code="a">38 p. (algunas pleg.) : </subfield>
    <subfield code="b">il. bl. y n. ; </subfield>
    <subfield code="c">21 cm.</subfield>
  </datafield>
  <datafield tag="490" ind1="1" ind2=" ">
    <subfield code="a">Ayuntamiento de Mazarambroz ; </subfield>
    <subfield code="v">1</subfield>
  </datafield>
  <datafield tag="504" ind1=" " ind2=" ">
    <subfield code="a">Bbibliograf&#xED;a: p. 38.</subfield>
  </datafield>
  <datafield tag="600" ind1="1" ind2="7">
    <subfield code="a">Martos, Cristino,</subfield>
    <subfield code="d">1830-1893</subfield>
    <subfield code="2">embne</subfield>
    <subfield code="9">78547</subfield>
  </datafield>
  <datafield tag="710" ind1="1" ind2=" ">
    <subfield code="a">Mazarambroz (Toledo). </subfield>
    <subfield code="b">Ayuntamiento.</subfield>
    <subfield code="9">144187</subfield>
  </datafield>
  <datafield tag="830" ind1="0" ind2=" ">
    <subfield code="a">Ayuntamiento de Mazarambroz ; </subfield>
    <subfield code="v">1</subfield>
    <subfield code="9">189884</subfield>
  </datafield>
  <datafield tag="852" ind1=" " ind2=" ">
    <subfield code="a">ES-MaACL</subfield>
    <subfield code="j">2272-F-6 </subfield>
    <subfield code="z">.- Dedicatoria aut&#xF3;grafa de la autora</subfield>
  </datafield>
  <datafield tag="999" ind1=" " ind2=" ">
    <subfield code="c">175984</subfield>
    <subfield code="d">175984</subfield>
  </datafield>
  <datafield tag="952" ind1=" " ind2=" ">
    <subfield code="0">0</subfield>
    <subfield code="1">0</subfield>
    <subfield code="4">0</subfield>
    <subfield code="7">0</subfield>
    <subfield code="8">Colecci&#xF3;n_de_folletos</subfield>
    <subfield code="a">ATENEOM</subfield>
    <subfield code="b">ATENEOM</subfield>
    <subfield code="c">DEPOF</subfield>
    <subfield code="d">2010-12-03</subfield>
    <subfield code="e">DON</subfield>
    <subfield code="l">0</subfield>
    <subfield code="o">2272-F-6</subfield>
    <subfield code="p">1184811</subfield>
    <subfield code="r">2023-02-23 00:00:00</subfield>
    <subfield code="w">2023-02-23</subfield>
    <subfield code="y">FOLLETOS</subfield>
  </datafield>
</record>
